000 01639nam a2200289 i 4500
001 000026263
003 DO-SdBNP
005 20240529085159.0
007 ta
008 110308s2005 dr 000 0 spa d
020 _a393422630
040 _aDO-SdBNP
_bspa
_cBNPHU
_erda
049 _aBNPD
082 4 _222
100 1 _aCruz Sánchez, Filiberto,
_913112
_eautor
245 1 3 _aLa guerra de los seis años :
_bla guerra contra los planes anexionistas de Buenaventura Báez, 1868-1874 /
_cFiliberto Cruz Sánchez.
264 _aSanto Domingo :
_bEl Nuevo Diario,
_c2005.
300 _a100 páginas ;
_c21 cm.
336 _2rdacontent
_atexto
_btxt
337 _2rdamedia
_asin mediación
_bnc
338 _2rdacarrier
_avolumen
_bnc
505 2 _aPreliminar --
_tAntecedentes --
_tInicios de la influencia norteamericana --
_tEl cuarto gobierno de Báez --
_tPrimeras protestas y rebeliones armadas --
_tBáez solicitó protección de los EE. UU 31 El Presidente Grant favorece la anexión --
_tEl Telégrafo en acción --
_tDescalabrado en el sur --
_tTexto del tratado de anexión --
_tMás protestas y rebeliones --
_tPrimera intervención norteamericana --
_tImportancia de la Isla de Santo Domingo --
_t Nueva acciones de resistencia --
_tLa oposición en el senado norteamericano --
_tDenuncias ante los comisionados .
505 2 _a Acciones militares en la frontera --
_tIntento de soborno a Luperón --
_t Fastidiosa guerra de guerrillas --
_tNuevas fuentes de guerra --
_tBaecistas contra Báez --
_tConclusión --
_tBibliografía comentada.
590 _aInventariado, 2024/BT
910 _aBtavárez
942 _2ddc
_cLBS1
999 _c25755
_d25755